| 000 | 00465nam a2200169Ia 4500 | ||
|---|---|---|---|
| 003 | OSt | ||
| 005 | 20260217114750.0 | ||
| 020 | _a978-1-932073-52-2 | ||
| 040 | _cLC | ||
| 050 | _aBL 624.2 .P37 2011 | ||
| 100 | _aPARKER, JONATHAN | ||
| 245 | 4 | _aTHE SOUL SOLUTION: ENLIGHTENING MEDITATIONS FOR RESOLVING LIFE'S PROBLEMS | |
| 260 |
_aNOVATO, CALIFORNIA, _bNEW WORLD LIBRARY, _c2011, |
||
| 300 | _aXVii, 215 P, ILL | ||
| 650 | _aMeditations, Soul | ||
| 942 |
_cBK _2lcc |
||
| 999 |
_c66949 _d66949 |
||